Máy và thiết bị lạnh

Giáo trình này chủ yếu dùng để giảng dạy trong các trường Cao đẳng, cử nhân công nhân điện lạnh, nó không đi sâu vào lý thuyết tính toán mà đi sâu giới thiệu kết cấu, cấu tạo, nguyên lý làm việc, phưong pháp vận hành duy tu, bảo dưởng sử...

पूर्ण विवरण

में बचाया:
ग्रंथसूची विवरण
मुख्य लेखक: Nguyễn, Đức Lợi
स्वरूप: पुस्तक
भाषा:Undetermined
प्रकाशित: Hà Nội Giáo dục 2005
विषय:
टैग : टैग जोड़ें
कोई टैग नहीं, इस रिकॉर्ड को टैग करने वाले पहले व्यक्ति बनें!
Thư viện lưu trữ: Trung tâm Học liệu Trường Đại học Cần Thơ
LEADER 01148nam a2200205Ia 4500
001 CTU_152207
008 210402s9999 xx 000 0 und d
020 |c 33500 
082 |a 621.57 
082 |b L462 
100 |a Nguyễn, Đức Lợi 
245 0 |a Máy và thiết bị lạnh 
245 0 |c Nguyễn Đức Lợi, Phạm Văn Tùy 
260 |a Hà Nội 
260 |b Giáo dục 
260 |c 2005 
520 |a Giáo trình này chủ yếu dùng để giảng dạy trong các trường Cao đẳng, cử nhân công nhân điện lạnh, nó không đi sâu vào lý thuyết tính toán mà đi sâu giới thiệu kết cấu, cấu tạo, nguyên lý làm việc, phưong pháp vận hành duy tu, bảo dưởng sửa chửa, lựa chọn thiết bị phù hợp... nhằm cung cấp cho học viên các kiến thức thực tế cơ bản về máy lạnh. 
650 |a Low temperature engineering,Refrigeration and refrigerating machinery 
904 |i pha 
980 |a Trung tâm Học liệu Trường Đại học Cần Thơ